Formación inicial en la lectura y escritura en la universidad. De la educación media al desempeño académico en la educación superior

保存先:
書誌詳細
第一著者: González Pinzón, Blanca Yaneth (editora académica)
その他の著者: Salazar-Sierra, Adriana María (editora académica), Peña Borrero, Luis Bernardo (editor asociado)
フォーマット: 不明
言語:英語
出版事項: Bogotá, Colombia: Pontificia Universidad Javeriana, 2015
主題:
タグ: タグ追加
タグなし, このレコードへの初めてのタグを付けませんか!

MARC

LEADER 00000 a2200000 4500
003 CL-VaPUC
005 20220111110339.0
008 211216b ||||| |||| 00| 0 eng d
999 |c 434335  |d 434333 
020 |a 978-9587168006 
040 |c Pontificia Universidad Católica de Valparaíso 
082 7 |a 378.170281 GON 2015  |2 21 
100 1 |a González Pinzón, Blanca Yaneth   |9 865245  |e editora académica 
245 1 |a Formación inicial en la lectura y escritura en la universidad.   |b De la educación media al desempeño académico en la educación superior 
260 |a Bogotá, Colombia:   |b Pontificia Universidad Javeriana,   |c 2015 
300 |a 480 páginas  
583 |k Cristina María Rojas Aguilar  |c 20211216 
650 0 |a Lectura  |9 307634  |x Educación superior  |x Educación secundaria 
650 0 |a Escritura  |9 264941  |x Educación superior  |x Educación secundaria  
650 0 |a Metodología de estudio  |9 865338 
700 |a Salazar-Sierra, Adriana María   |e editora académica   |9 865339 
700 |a Peña Borrero, Luis Bernardo  |e editor asociado  |9 865340 
942 |2 ddc  |c BK 
952 |0 0  |1 0  |2 ddc  |4 0  |6 378_170281000000000_GON_2015  |7 0  |8 A  |9 579552  |a BIBEDU  |b BIBEDU  |d 2021-12-14  |e 1  |g 128864.00  |i 5628768  |l 8  |o 378.170281 GON 2015  |p 5628768  |r 2022-05-17  |s 2022-05-17  |t 1  |v 128864.00  |w 2021-12-14  |y BK  |k LIT